<?xml version="1.0" encoding="UTF-8"?>
<collection xmlns="http://www.loc.gov/MARC21/slim">
 <record>
  <leader>02051cam a2200505 c 4500</leader>
  <controlfield tag="001">1548733180</controlfield>
  <controlfield tag="003">DE-627</controlfield>
  <controlfield tag="005">20260209210828.0</controlfield>
  <controlfield tag="007">tu</controlfield>
  <controlfield tag="008">161026s2016    it |||||      00| ||ita c</controlfield>
  <datafield tag="020" ind1=" " ind2=" ">
   <subfield code="a">9788876892981</subfield>
   <subfield code="q">50.00 EUR</subfield>
  </datafield>
  <datafield tag="035" ind1=" " ind2=" ">
   <subfield code="a">(DE-627)1548733180</subfield>
  </datafield>
  <datafield tag="035" ind1=" " ind2=" ">
   <subfield code="a">(DE-576)478733186</subfield>
  </datafield>
  <datafield tag="035" ind1=" " ind2=" ">
   <subfield code="a">(DE-599)BSZ478733186</subfield>
  </datafield>
  <datafield tag="035" ind1=" " ind2=" ">
   <subfield code="a">(OCoLC)959555196</subfield>
  </datafield>
  <datafield tag="035" ind1=" " ind2=" ">
   <subfield code="a">(ZDB-21-EIL)3146478</subfield>
  </datafield>
  <datafield tag="040" ind1=" " ind2=" ">
   <subfield code="a">DE-627</subfield>
   <subfield code="b">ger</subfield>
   <subfield code="c">DE-627</subfield>
   <subfield code="e">rda</subfield>
  </datafield>
  <datafield tag="041" ind1=" " ind2=" ">
   <subfield code="a">ita</subfield>
  </datafield>
  <datafield tag="044" ind1=" " ind2=" ">
   <subfield code="c">XA-IT</subfield>
  </datafield>
  <datafield tag="050" ind1=" " ind2="0">
   <subfield code="a">NA</subfield>
  </datafield>
  <datafield tag="082" ind1="0" ind2=" ">
   <subfield code="a">720</subfield>
  </datafield>
  <datafield tag="084" ind1=" " ind2=" ">
   <subfield code="a">6,14</subfield>
   <subfield code="2">ssgn</subfield>
  </datafield>
  <datafield tag="100" ind1="1" ind2=" ">
   <subfield code="8">1\p</subfield>
   <subfield code="a">Sassù, Alessio</subfield>
   <subfield code="e">VerfasserIn</subfield>
   <subfield code="0">(DE-588)1132099110</subfield>
   <subfield code="0">(DE-627)887390765</subfield>
   <subfield code="0">(DE-576)488627559</subfield>
   <subfield code="4">aut</subfield>
  </datafield>
  <datafield tag="245" ind1="1" ind2="0">
   <subfield code="a">Iktinos</subfield>
   <subfield code="b">l'architetto del Partenone</subfield>
   <subfield code="c">Alessio Sassù</subfield>
  </datafield>
  <datafield tag="264" ind1=" " ind2="1">
   <subfield code="a">Roma</subfield>
   <subfield code="b">Giorgio Bretschneider Editore</subfield>
   <subfield code="c">[2016]</subfield>
  </datafield>
  <datafield tag="300" ind1=" " ind2=" ">
   <subfield code="a">xiv, 138, 9, IV Seiten</subfield>
   <subfield code="b">Illustrationen</subfield>
   <subfield code="c">21 cm</subfield>
  </datafield>
  <datafield tag="336" ind1=" " ind2=" ">
   <subfield code="a">Text</subfield>
   <subfield code="b">txt</subfield>
   <subfield code="2">rdacontent</subfield>
  </datafield>
  <datafield tag="337" ind1=" " ind2=" ">
   <subfield code="a">ohne Hilfsmittel zu benutzen</subfield>
   <subfield code="b">n</subfield>
   <subfield code="2">rdamedia</subfield>
  </datafield>
  <datafield tag="338" ind1=" " ind2=" ">
   <subfield code="a">Band</subfield>
   <subfield code="b">nc</subfield>
   <subfield code="2">rdacarrier</subfield>
  </datafield>
  <datafield tag="490" ind1="1" ind2=" ">
   <subfield code="a">Maestri dell'arte classica</subfield>
   <subfield code="v">5</subfield>
  </datafield>
  <datafield tag="500" ind1=" " ind2=" ">
   <subfield code="a">Iktinos (active 5th century B.C.). - Includes bibliographical references (pages 115-129) and index</subfield>
  </datafield>
  <datafield tag="583" ind1="1" ind2=" ">
   <subfield code="a">Archivierung/Langzeitarchivierung gewährleistet</subfield>
   <subfield code="f">SSG</subfield>
   <subfield code="x">XA-DE-BW</subfield>
   <subfield code="2">pdager</subfield>
   <subfield code="5">DE-16</subfield>
  </datafield>
  <datafield tag="689" ind1="0" ind2="0">
   <subfield code="d">p</subfield>
   <subfield code="0">(DE-588)118555383</subfield>
   <subfield code="0">(DE-627)694790877</subfield>
   <subfield code="0">(DE-576)20896682X</subfield>
   <subfield code="a">Iktinos</subfield>
   <subfield code="2">gnd</subfield>
  </datafield>
  <datafield tag="689" ind1="0" ind2="1">
   <subfield code="d">s</subfield>
   <subfield code="0">(DE-588)4059416-6</subfield>
   <subfield code="0">(DE-627)10439403X</subfield>
   <subfield code="0">(DE-576)209130709</subfield>
   <subfield code="a">Tempel</subfield>
   <subfield code="2">gnd</subfield>
  </datafield>
  <datafield tag="689" ind1="0" ind2="2">
   <subfield code="d">s</subfield>
   <subfield code="0">(DE-588)4002851-3</subfield>
   <subfield code="0">(DE-627)104280352</subfield>
   <subfield code="0">(DE-576)208848975</subfield>
   <subfield code="a">Architektur</subfield>
   <subfield code="2">gnd</subfield>
  </datafield>
  <datafield tag="689" ind1="0" ind2=" ">
   <subfield code="5">(DE-627)</subfield>
  </datafield>
  <datafield tag="787" ind1="0" ind2="8">
   <subfield code="i">Rezensiert in</subfield>
   <subfield code="a">Papini, Massimiliano</subfield>
   <subfield code="t">[Rezension von: Alessio Sassù, Iktinos. L'architetto del Partenone]</subfield>
   <subfield code="d">2017</subfield>
   <subfield code="w">(DE-627)1815254017</subfield>
  </datafield>
  <datafield tag="830" ind1=" " ind2="0">
   <subfield code="a">Maestri dell'arte classica</subfield>
   <subfield code="v">5</subfield>
   <subfield code="9">5</subfield>
   <subfield code="w">(DE-627)601010485</subfield>
   <subfield code="w">(DE-576)9601010483</subfield>
   <subfield code="w">(DE-600)2497765-2</subfield>
   <subfield code="x">2035-3634</subfield>
   <subfield code="7">am</subfield>
  </datafield>
  <datafield tag="883" ind1=" " ind2=" ">
   <subfield code="8">1\p</subfield>
   <subfield code="a">cgwrk</subfield>
   <subfield code="d">20241001</subfield>
   <subfield code="q">DE-101</subfield>
   <subfield code="u">https://d-nb.info/provenance/plan#cgwrk</subfield>
  </datafield>
  <datafield tag="951" ind1=" " ind2=" ">
   <subfield code="a">BO</subfield>
  </datafield>
  <datafield tag="990" ind1=" " ind2=" ">
   <subfield code="a">Iktinos</subfield>
  </datafield>
  <datafield tag="990" ind1=" " ind2=" ">
   <subfield code="a">Tempel</subfield>
  </datafield>
  <datafield tag="990" ind1=" " ind2=" ">
   <subfield code="a">Architektur</subfield>
  </datafield>
  <datafield tag="991" ind1=" " ind2=" ">
   <subfield code="a">Rezensiertes Werk</subfield>
  </datafield>
  <datafield tag="999" ind1=" " ind2=" ">
   <subfield code="a">KXP-PPN1548733180</subfield>
   <subfield code="e">4183703573</subfield>
  </datafield>
 </record>
</collection>
